| 000 | 00407nam a22001577a 4500 | ||
|---|---|---|---|
| 003 | OSt | ||
| 005 | 20211126151324.0 | ||
| 008 | 211126b |||||||| |||| 00| 0 eng d | ||
| 020 | _a9788184881141 | ||
| 040 | _cHU | ||
| 082 | _a337CHE2010 | ||
| 100 |
_a Cherunilam, Francis _920816 |
||
| 245 |
_aGlobal economy & business environment : _b text & cases |
||
| 300 |
_aXV388P _bPC _c25CM |
||
| 942 |
_2ddc _cBOOKS _n0 |
||
| 999 |
_c20420 _d20420 |
||